| 000 | 00403nam a2200157 a 4500 | ||
|---|---|---|---|
| 005 | 20140412111247.0 | ||
| 008 | 010907s19uu xx 00 eng d | ||
| 020 | _a81-86214-12-7 | ||
| 050 |
_aER _bNu93 |
||
| 245 |
_aNursery rhymes / _cillustrated by S. Nagarajan. |
||
| 260 |
_aIndia : _bMarigold Books. |
||
| 300 | _a1v. (unp.) ; ill. | ||
| 440 | _aWell Loved | ||
| 650 | _aTitle | ||
| 999 |
_c102987 _d102987 |
||